Memòria Sants-Montjuïc 1991 : SM / Ajuntament de Barcelona SM / Ajuntament de Barcelona
Descripción Física:
97 p. : il. ; 30 cm
MARC
| LEADER | 00000nam a2200000Ia 4500 | ||
|---|---|---|---|
| 001 | 9772 | ||
| 003 | BGR | ||
| 005 | 20260324175353.0 | ||
| 008 | 160829s9999 xx 000 0 cat d | ||
| 080 | |a M-2-354 | ||
| 110 | 1 | |a Barcelona (Catalunya). |b Ajuntament |9 50981 | |
| 245 | |a Memòria Sants-Montjuïc 1991 : |b SM / Ajuntament de Barcelona | ||
| 260 | |a Barcelona : |b Ajuntament de Barcelona. Districte de Sants - Montjuïc, [1992?] | ||
| 300 | |a 97 p. : |b il. ; |c 30 cm | ||
| 650 | |a Barcelona. Districte Sants-Montjuïc |x Memòries |9 29996 | ||
| 901 | |a Arxiu | ||
| 942 | |n 1 |2 udc |c MON | ||
| 952 | |0 0 |1 0 |4 0 |6 M2354 |7 1 |9 45205 |a Arxiu |b Arxiu |d 2016-12-01 |l 0 |o M-2-354 |p 9772 |r 2016-12-01 00:00:00 |w 2016-12-01 |y ARXIU | ||
| 999 | |c 48277 |d 48277 | ||